Name a Valid Answer - LEGO Star Wars - Statistics

General Stats
  • This quiz has been taken 44 times
  • The average score is 7 of 15
Answer Stats
Condition # of
answers
Answer % Correct
Years in which a Republic Gunship was produced (150+ pieces) 5 2021 | 2013 | 2009 | 2008 | 2002
100%
A Santa-ified character in day 24 of a LSW Advent calendar Santa Yoda | Santa Darth Maul | Santa Jango Fett | Santa Darth Vader | Santa C-3PO | Santa BB-8 | Santa Porg
74%
A Lego Star Wars TV Show with sets made for it 3 The Yoda Chronicles | The Freemaker Adventures | Rebuild the Galaxy
60%
A character who was made as a scary bust in the early 2000s 2 Yoda | Darth Maul
54%
Live-Action Star Wars Show with no LEGO sets made for it 1 The Acolyte
51%
A (widely released) minifigure that ranks in the Top 10 for highest New Value according to Brickset.com 10 Cloud City Boba Fett | Finch Dallow | Cloud City Lando (2003 or 2018) | Cloud City Luke | Jango Fett (Purple, 2002) | Ahsoka Tano (Rebels) | Cloud City Leia | Darth Malgus | Light-Up Anakin Skywalker
46%
LSW 25th Anniversary Exclusive droids 2 QT-KT | L0-LA59 (Lola)
43%
Named Ewok made in LEGO apart from Wicket 5 Teebo | Tokkat | Chief Chirpa | Paploo | Logray
43%
Name of any Alien minifigure in MBS Mos Eisley Cantina 75290 -NOT Figrin D'an, Greedo, or Chewbacca 7 Garindan | Ponda Baba | Labria (Kardue'sai'Malloc) | Momaw Nadon | Kabe | Hrchek Kal Fas | Dr. Cornelius Evazan
40%
Podracer minifigures other than Anakin and Sebulba 2 Gasgano | Aldar Beedo
40%
Minifigures included in a LSW character encyclopedia 4 Celebration Han | White Boba Fett | Darth Maul | Emperor Palpatine (TROS)
37%
Piece count of any set that retailed for at least $349.99 USD 13 7541 (UCS Falcon 75192) | 6785 (UCS AT-AT 75313) | 6187 (UCS Razorcrest 75331) | 5374 (UCS Venator 75367) | 5197 (UCS Falcon 10179) | 4784 (UCS Star Destroyer 75252) | 4016 (UCS Death Star 75159) | 3803 (UCS Death Star 10188) | 3942 (UCS Jabba's Sail Barge 75397) | 3292 (UCS Republic Gunship 75309) | 3187 (MBS Mos Eisley Cantina 75290) | 3512 (UCS Super Star Destroyer 10221) | 2812 (MBS Cloud City 75222)
20%
Main LEGO SW design team members 6 César Soares | Jens Kronvold Frederiksen | Michael Lee Stockwell | Madison O'Neill | Hans Burkhard Schlömer | Jackson Hughes
20%
Lego Star Wars: The Skywalker Saga Cheat Codes (Only the ones for code-exclusive unlokcs) 8 ARVALA7 | SHUTTLE | C3PHOHO | WOOKIEE | WROSHYR | TIPYIPS | LIFEDAY | KORDOKU
14%
Lines Spoken in LEGO Star Wars: The Videogame (2005) 3 "Oh my" | "Intruder Alert" | "Roger Roger"
11%
No matching quizzes found
Score Distribution
Percent of People with Each Score
Percentile by Number Answered
Your Score History
You have not taken this quiz